| 000 | 00394nam a2200157Ia 4500 | ||
|---|---|---|---|
| 008 | 221030s9999 xx 000 0 und d | ||
| 020 | _a8120307135 | ||
| 041 | _aEnglish | ||
| 082 |
_a105.23 _bVis |
||
| 100 | _aT. Viswanathan | ||
| 245 | 0 |
_aTelecommunication Switching Systems & Networks _cby T. Viswanathan |
|
| 260 |
_bPHI _aNew Delhi _c2000 |
||
| 300 | _a583 | ||
| 650 | _aECE | ||
| 942 | _cBK | ||
| 999 |
_c6620 _d6620 |
||